| 000 | 00474nam a2200205Ia 4500 | ||
|---|---|---|---|
| 008 | 170918s9999 xx 000 0 und d | ||
| 020 | _a9780590554107 | ||
| 050 | _bP615da 1998 | ||
| 100 | _aPierce, Tamora | ||
| 245 | _aDaja's book / | ||
| 245 | _cby Tamora Pierce. | ||
| 260 | _aNew York : | ||
| 260 | _bScholastic, | ||
| 260 | _c1998 | ||
| 300 | _a232 pages : | ||
| 300 | _billustrations ; | ||
| 300 | _c17cm. | ||
| 300 | _eCircle of magic. | ||
| 500 | _a810 | ||
| 999 |
_c344003 _d344003 |
||